| 000 | 00970nam a2200301Ia 4500 | ||
|---|---|---|---|
| 003 | OSt | ||
| 005 | 20260323091335.0 | ||
| 008 | 210716s2009 xx 000 0 und d | ||
| 020 | _a9788173713927 | ||
| 040 | _cAIMIT LIBRARY | ||
| 041 | _aeng | ||
| 082 |
_a658.406 _bSCHG |
||
| 100 |
_aSchreiber, Guus. _9258948 |
||
| 245 |
_aKnowledge engineering and management / _cBy Guus Schreiber ...[et.al.]. |
||
| 250 | _a1st ed. | ||
| 260 |
_aHyderabad : _bUniversities Press , _c2009. |
||
| 300 |
_axiv,455 p.; _bPB _c24 cm. |
||
| 650 |
_aKnowledge engineering basics _9258949 |
||
| 650 |
_aTask and its organizational context _9258950 |
||
| 650 |
_aKnowledge model construction _9258951 |
||
| 700 |
_aAkkermans, Hans. _9258952 |
||
| 700 |
_aAnjewierden, Anjo. _9258953 |
||
| 700 |
_aHoog, Robert De. _9258954 |
||
| 700 |
_aShadbolt, Nigel. _9258955 |
||
| 700 |
_aVelde, Walter Van de. _9258956 |
||
| 700 |
_aWielinga, Bob. _9258957 |
||
| 942 |
_2ddc _cBK _k658.406 SCHG |
||
| 999 |
_c193382 _d193382 |
||